| 000 | 00678nam a2200253Ia 4500 | ||
|---|---|---|---|
| 003 | OSt | ||
| 005 | 20220924123137.0 | ||
| 006 | a|||||r|||| 00| 0 | ||
| 007 | ta | ||
| 008 | 220923b |||||||| |||| 00| 0 urd d | ||
| 024 | _a322580 | ||
| 037 | _cTextual | ||
| 040 |
_aARTS _cARTS _burd |
||
| 041 |
_2urd _aurd |
||
| 082 | _aU8.46.N11, 168E2 | ||
| 100 |
_aGhulam-al-Saqlain Au. _9191784 |
||
| 245 | 0 | _aRooz namcha-e-syahat | |
| 260 |
_aMeruth _bTijarati press India _c1912 |
||
| 300 |
_a482p. _ccm. |
||
| 650 | _a TRAVEL | ||
| 650 | _aGEOGRAPHY | ||
| 942 |
_hU8.46.N11, 168E2 _cTEXL _2CC |
||
| 999 |
_c414495 _d414495 |
||